000 00584nam a2200181Ia 4500
999 _c28131
_d28131
003 GCL
005 20240530101837.0
008 140319s1992 le 000 0 ara d
040 _aGCL /
_cGCL
082 0 4 _a928/
_bق م
100 0 _aقدرى قلعجى
245 1 0 _aمن اعلام الفكر العالمى /
_cقدرى قلعجى
260 _aبيروت :
_bشركة المطبوعات للتوزيع والنشر ،
_c1992
300 _a167 ص. ؛
_e24 سم.
650 0 7 _aالادب العالمى
_2qrmak
650 0 7 _2qrmak
_aالادباء
_xتراجم
942 _2ddc
_cBK